LEADER 03013nam0 2200577 i 450 001 IEI0106678 005 20251003044158.0 010 $a8881143941 020 $aIT$b97-7850 100 $a19970211d1996 ||||0itac50 ba 101 | $aita 102 $ait 181 1$6z01$ai $bxxxe 182 1$6z01$an 200 1 $aMercanti genovesi nel regno di Napoli$fAurelio Musi 210 $a[Napoli]$cEdizioni scientifiche italiane$d[1996] 215 $a134 p.$d22 cm. 225 | $aˆL'‰identità di Clio$v14 410 0$1001LO10091423$12001 $aˆL'‰identità di Clio$v14 606 $aMercanti genovesi$xRegno di Napoli <1266-1815>$xSec. 16.-17.$2FIR$3CFIC091545$9I 606 $aGenova e Regno di Napoli. 1266-1815$xRelazioni economiche e commerciali$xSec. 16.-17.$2FIR$3CFIC091546$9I 676 $a382$9COMMERCIO INTERNAZIONALE (SCAMBI CON L'ESTERO)$v12 676 $a382.0945$9$v14 676 $a382.0945180457$9COMMERCIO INTERNAZIONALE. Liguria-Italia meridionale$v20 676 $a382.0945180457$9$v21 676 $a382.0945180457$9COMMERCIO INTERNAZIONALE. Liguria-Italia meridionale$v22 676 $a929$9$v21 676 $a945.18$9Storia. Liguria.$v11 676 $a945.1807$9STORIA DELLA LIGURIA, 1527-1796$v20 676 $a945.707$9STORIA. ITALIA MERIDIONALE. 1516-1799$v21 696 $aRelazioni economiche$aRelazioni commerciali 699 $aRelazioni economiche e commerciali$xRelazioni economiche$xRelazioni commerciali 700 1$aMusi$b, Aurelio$3CFIV094004$4070$05327 801 3$aIT$bIT-000000$c19970211 850 $aIT-BN0095 $aIT-NA0045 $aIT-AV0011 $aIT-NA0043 $aIT-NA0079 $aIT-CE0072 $aIT-NA0120 $aIT-CE0127 $aIT-NA0228 $aIT-NA0768 $aIT-NA0452 $aIT-AV0045 $aIT-NA0681 901 $bNAP AB$cF.D.Z. $nFondo D'Arbitrio-Ziviello 901 $bNAP PM$cFAC $n$ 901 $bNAP AH$cSALASTUDIO$nEx sala studio, ora secondo piano 901 $bNAP MV$cP $nSALA BIBLIOGRAFIA 901 $bNAP BN$cSEZ.NAP. $n$ 901 $bNAP PM$cFVG $n$ 901 $bNAP CE$cBIBL.SOPR.$n$ 901 $bNAP IS$cISEM $nSezione di storia economica dell'ex Istituto di storia economica del Mezzogiorno 901 $bNAP 01$cPOZZO LIB.$nVi sono collocati fondi di economia, periodici di ingegneria e scienze, periodici di economia e statistica e altri fondi comprendenti documenti di economia pervenuti in dono. 901 $bNAP DO$cEX BIBL. $n$ 901 $bNAP DU$cNAPOLI $n$ 912 $aIEI0106678 950 0$aBiblioteca Centralizzata di Ateneo$c1 v.$d 01POZZO LIB.ECON MON 8019$e 0101 0000089665E VMA 1 v. (Precedente collocazione: GUERRAZZI B 436)$fB $h20071030$i20071030 977 $a 01$a AB$a AH$a AN$a BN$a CE$a CR$a CT$a DO$a DU$a IS$a MV$a PM 996 $aMercanti genovesi nel regno di Napoli$963701 997 $aUNISANNIO